[Event "Pfalz op-B 11th"]
[Site "Neustadt an der Weinstrasse"]
[Date "2020.02.22"]
[Round "3"]
[White "Oberhofer, Marie"]
[Black "Kopf, Rainer"]
[Result "0-1"]
[WhiteElo "1739"]
[BlackElo "1856"]
[PlyCount "78"]
[EventDate "2020.02.21"]
[EventType "swiss"]
[EventRounds "7"]
[EventCountry "GER"]
[SourceTitle "CBM 195 Extra"]
[Source "ChessBase"]
[SourceDate "2020.05.31"]
[SourceVersion "1"]
[SourceVersionDate "2020.05.31"]
[SourceQuality "1"]

1. e4 e6 2. d4 d5 3. e5 Nd7 4. Nf3 Ne7 5. Bd3 c5 6. c3 Nc6 7. 0-0 cxd4 8. cxd4 Qb6 9. Be2 f6 10. exf6 Nxf6 11. Nc3 Be7 12. a3 0-0 13. b4 a6 14. Bd3 Qc7 15. Ne2 Bd6 16. Ng3 Bd7 17. Bb2 Rae8 18. Re1 Bf4 19. Bc1 Bc8 20. Ra2 Re7 21. Rae2 Rfe8 22. Bc2 g6 23. Bxf4 Qxf4 24. Qc1 Qxc1 25. Rxc1 Nd7 26. Bb3 Nb6 27. Rd2 Kg7 28. Ne2 Rf8 29. Rc3 Ref7 30. Nc1 Bd7 31. Nd3 Bc8 32. Nde5 Nxe5 33. Nxe5 Re7 34. Re2 Rf4 35. Rd2 Re4 36. Kf1 Bd7 37. Bc2 Bb5+ 38. Bd3 Rxd4 39. Ke2 Re4+ 0-1

[Event "GER-chT U20 Girls"]
[Site "Braunschweig"]
[Date "2019.12.29"]
[Round "6.5"]
[White "Meijerink, Inken"]
[Black "Oberhofer, Marie"]
[Result "0-1"]
[WhiteElo "1743"]
[BlackElo "1700"]
[PlyCount "58"]
[EventDate "2019.12.27"]
[EventType "team-swiss"]
[EventRounds "7"]
[EventCountry "GER"]
[SourceTitle "CBM 194 Extra"]
[Source "ChessBase"]
[SourceDate "2020.03.31"]
[SourceVersion "1"]
[SourceVersionDate "2020.03.31"]
[SourceQuality "1"]
[WhiteTeam "Nordhorn Blanke"]
[BlackTeam "Regensburg Bavaria"]
[WhiteTeamCountry "GER"]
[BlackTeamCountry "GER"]

1. e4 c5 2. Nf3 d6 3. d4 cxd4 4. Nxd4 Nf6 5. Nc3 g6 6. f3 Bg7 7. Be3 0-0 8. Qd2 Nc6 9. g4 Bd7 10. h4 h5 11. gxh5 Nxh5 12. Nce2 Rc8 13. c3 Ne5 14. Nf4 Ng3 15. Qh2 Nxf1 16. Kxf1 Ng4 17. fxg4 e5 18. h5 exf4 19. Bxf4 g5 20. Bxd6 Bxd4 21. cxd4 Qf6+ 22. Qf2 Qxd6 23. h6 Kh7 24. b3 Bxg4 25. Rg1 Qe6 26. e5 f6 27. Qg3 fxe5+ 28. Kg2 Rc2+ 29. Kh1 Qxh6+ 0-1

[Event "BL2 Sued 1920 (Women)"]
[Site "Germany"]
[Date "2019.12.15"]
[Round "4.5"]
[White "Oberhofer, Marie"]
[Black "Braun, Kristin"]
[Result "1-0"]
[WhiteElo "1686"]
[BlackElo "1951"]
[PlyCount "75"]
[EventDate "2019.09.14"]
[EventType "team-tourn"]
[EventRounds "7"]
[EventCountry "GER"]
[SourceTitle "EXT 2021"]
[Source "ChessBase"]
[SourceDate "2020.10.23"]
[SourceVersion "1"]
[SourceVersionDate "2020.10.23"]
[SourceQuality "1"]
[WhiteTeam "Regensburg Bavaria (W)"]
[BlackTeam "Augsburg (W)"]
[WhiteTeamCountry "GER"]
[BlackTeamCountry "GER"]

1. e4 c5 2. Nf3 d6 3. d4 cxd4 4. Nxd4 Nf6 5. Nc3 g6 6. Be3 Bg7 7. f3 Nc6 8. Qd2 0-0 9. 0-0-0 d5 10. exd5 Nxd5 11. Nxc6 bxc6 12. Bd4 Nxc3 13. Qxc3 Bh6+ 14. Be3 Bxe3+ 15. Qxe3 Qa5 16. Bc4 Ba6 17. Bb3 Qc7 18. h4 c5 19. h5 c4 20. Ba4 Rad8 21. Rxd8 Rxd8 22. hxg6 fxg6 23. Qe6+ Kg7 24. Qxa6 Qf4+ 25. Kb1 Qd2 26. Rc1 Qd4 27. c3 Qc5 28. Qb5 Qc7 29. Qc6 Qf4 30. Qe6 Kf8 31. Re1 Qh4 32. Bb5 Rd6 33. Qc8+ Kg7 34. Rc1 Qf2 35. Bxc4 Qxg2 36. Qg8+ Kh6 37. Qf8+ Kh5 38. Qxe7 1-0

[Event "GER-chT U20 Girls"]
[Site "Osnabrueck"]
[Date "2018.12.27"]
[Round "2.3"]
[White "Oberhofer, Marie"]
[Black "Schaefer, Leonie"]
[Result "0-1"]
[WhiteElo "1731"]
[BlackElo "1436"]
[PlyCount "56"]
[EventDate "2018.12.27"]
[EventType "team-swiss"]
[EventRounds "7"]
[EventCountry "GER"]
[SourceTitle "CBM 188 Extra"]
[Source "ChessBase"]
[SourceDate "2019.02.26"]
[SourceVersion "1"]
[SourceVersionDate "2019.02.26"]
[SourceQuality "1"]
[WhiteTeam "Regensburg Bavaria"]
[BlackTeam "Lingen"]
[WhiteTeamCountry "GER"]
[BlackTeamCountry "GER"]

1. e4 g6 2. d4 Bg7 3. Nc3 c6 4. f4 Nf6 5. e5 Nd5 6. Nxd5 cxd5 7. Nf3 0-0 8. Bd3 Nc6 9. c3 d6 10. Be3 Bg4 11. h3 Bxf3 12. Qxf3 dxe5 13. fxe5 a5 14. 0-0-0 a4 15. h4 Qa5 16. Bd2 Rfc8 17. Kb1 a3 18. b4 Qb6 19. h5 Nxb4 20. Rdf1 Nxa2+ 21. Kc2 Qb2+ 22. Kd1 Nxc3+ 23. Ke1 a2 24. Qxf7+ Kh8 25. hxg6 a1Q+ 26. Kf2 Qxf1+ 27. Bxf1 Qxd2+ 28. Kf3 h6 0-1

[Event "Regensburg Donau Cup 2nd"]
[Site "Regensburg"]
[Date "2018.05.12"]
[Round "6"]
[White "Oberhofer, Marie"]
[Black "Gugenberger, Uwe"]
[Result "0-1"]
[WhiteElo "1705"]
[BlackElo "1699"]
[PlyCount "75"]
[EventDate "2018.05.09"]
[EventType "swiss"]
[EventRounds "7"]
[EventCountry "GER"]
[SourceTitle "CBM 184 Extra"]
[Source "ChessBase"]
[SourceDate "2018.06.28"]
[SourceVersion "1"]
[SourceVersionDate "2018.06.28"]
[SourceQuality "1"]

1. e4 d5 2. exd5 Qxd5 3. Nc3 Qd6 4. d4 c6 5. Nf3 Bg4 6. Be3 Nf6 7. h3 Bh5 8. Be2 e6 9. Qd2 Be7 10. g4 Bg6 11. Ne5 Nfd7 12. Nc4 Qc7 13. Bf4 Qd8 14. 0-0-0 Nb6 15. Ne5 N8d7 16. Nxg6 hxg6 17. Bg3 Nf6 18. f4 Nbd5 19. Nxd5 Qxd5 20. c4 Qd8 21. Bf3 Qb6 22. f5 gxf5 23. gxf5 exf5 24. Qe2 Kf8 25. d5 Bc5 26. Bf4 Re8 27. Qd3 Ne4 28. Bxe4 fxe4 29. Qg3 cxd5 30. Rxd5 Bf2 31. Bd6+ Kg8 32. Qc3 Qe3+ 33. Qxe3 Bxe3+ 34. Kc2 Bf2 35. Rd2 e3 36. Re2 Rh6 37. c5 Rc8 38. b4 0-1

[Event "Regensburg Donau Cup 2nd"]
[Site "Regensburg"]
[Date "2018.05.10"]
[Round "3"]
[White "Kleibel, Uwe"]
[Black "Oberhofer, Marie"]
[Result "1-0"]
[WhiteElo "2172"]
[BlackElo "1705"]
[PlyCount "49"]
[EventDate "2018.05.09"]
[EventType "swiss"]
[EventRounds "7"]
[EventCountry "GER"]
[SourceTitle "CBM 184 Extra"]
[Source "ChessBase"]
[SourceDate "2018.06.28"]
[SourceVersion "1"]
[SourceVersionDate "2018.06.28"]
[SourceQuality "1"]

1. e4 c5 2. Nf3 d6 3. Bb5+ Nc6 4. 0-0 Bd7 5. Re1 Nf6 6. c3 e6 7. d4 cxd4 8. cxd4 d5 9. e5 Ng8 10. Nc3 Nge7 11. Bd3 Ng6 12. g3 Bb4 13. h4 Nge7 14. Bd2 a6 15. a3 Bxc3 16. Bxc3 Rc8 17. Rc1 0-0 18. Bb1 Nf5 19. Qd3 g6 20. Qd2 Na7 21. Bb4 Rxc1 22. Rxc1 Re8 23. Bxf5 exf5 24. Qh6 f6 25. h5 1-0

[Event "Landesliga U20 Nord 1718"]
[Site "Bayern"]
[Date "2017.11.18"]
[Round "1.2"]
[White "Stoeckl, Maximilian"]
[Black "Oberhofer, Marie"]
[Result "1-0"]
[WhiteElo "1705"]
[BlackElo "1705"]
[PlyCount "75"]
[EventDate "2017.11.18"]
[EventType "team-tourn"]
[EventRounds "7"]
[EventCountry "GER"]
[SourceTitle "EXT 2022"]
[Source "ChessBase"]
[SourceDate "2021.10.06"]
[SourceVersion "1"]
[SourceVersionDate "2021.10.06"]
[SourceQuality "1"]
[WhiteTeam "Schwandorf U20"]
[BlackTeam "Regensburg Bavaria U20 II"]
[WhiteTeamCountry "GER"]
[BlackTeamCountry "GER"]

1. d4 Nf6 2. c4 c5 3. d5 e6 4. Nc3 exd5 5. cxd5 d6 6. e4 g6 7. h3 Bg7 8. Nf3 0-0 9. Bd3 Re8 10. 0-0 Na6 11. Re1 Nb4 12. Bf1 Rb8 13. a3 Na6 14. Bf4 Nh5 15. Bh2 Nc7 16. a4 a6 17. Rc1 b5 18. axb5 axb5 19. e5 Bf8 20. Ne4 Na6 21. exd6 Bd7 22. Nxc5 Rxe1 23. Qxe1 Nxc5 24. Rxc5 Rb6 25. Nd4 Bxd6 26. Bxd6 Rxd6 27. Nc6 Qf6 28. Qe5 Qxe5 29. Nxe5 Nf6 30. Nxd7 Rxd7 31. Bxb5 Rb7 32. d6 Kg7 33. f3 h6 34. b3 g5 35. Ba4 Nd7 36. Rc7 Rxc7 37. dxc7 Nb6 38. Bd7 1-0

[Event "GER-ch U25-A"]
[Site "Willingen"]
[Date "2017.06.08"]
[Round "7"]
[White "Oberhofer, Marie"]
[Black "Von Freymann, Franz"]
[Result "1-0"]
[WhiteElo "1713"]
[BlackElo "1495"]
[PlyCount "49"]
[EventDate "2017.06.04"]
[EventType "swiss"]
[EventRounds "9"]
[EventCountry "GER"]
[SourceTitle "CBM 178 Extra"]
[Source "ChessBase"]
[SourceDate "2017.06.22"]
[SourceVersion "1"]
[SourceVersionDate "2017.06.22"]
[SourceQuality "1"]

1. e4 c5 2. Nf3 d6 3. d4 cxd4 4. Nxd4 Nf6 5. Nc3 g6 6. Be3 Bg7 7. f3 0-0 8. Qd2 Nc6 9. 0-0-0 d5 10. exd5 Nxd5 11. Nxc6 bxc6 12. Bd4 Nxc3 13. Qxc3 Bh6+ 14. Be3 Bxe3+ 15. Qxe3 Qc7 16. Bc4 Rb8 17. g4 Rb4 18. Bb3 c5 19. a3 Rb6 20. h4 c4 21. Ba2 Be6 22. h5 Qb7 23. hxg6 fxg6 24. Qh6 Rf7 25. Rd8+ 1-0

[Event "Regensburg Donau Cup"]
[Site "Regensburg"]
[Date "2017.05.26"]
[Round "2"]
[White "Oberhofer, Marie"]
[Black "Uphoff, Lennart"]
[Result "0-1"]
[WhiteElo "1676"]
[BlackElo "2004"]
[PlyCount "78"]
[EventDate "2017.05.24"]
[EventType "swiss"]
[EventRounds "7"]
[EventCountry "GER"]
[SourceTitle "CBM 178 Extra"]
[Source "ChessBase"]
[SourceDate "2017.06.22"]
[SourceVersion "1"]
[SourceVersionDate "2017.06.22"]
[SourceQuality "1"]

1. e4 c6 2. d4 d5 3. e5 c5 4. Nf3 Nc6 5. c4 cxd4 6. Nxd4 e6 7. Nc3 Bc5 8. Nxc6 bxc6 9. Qg4 Bf8 10. Bd3 Ne7 11. 0-0 Ng6 12. Re1 Rb8 13. cxd5 cxd5 14. Qa4+ Bd7 15. Qxa7 Bb4 16. Qd4 Qc7 17. Bxg6 hxg6 18. Bd2 Bc5 19. Qf4 Rxb2 20. Rac1 Qa7 21. Rb1 Rxb1 22. Rxb1 0-0 23. h3 Rc8 24. Rb2 Bd4 25. Nb5 Bxb5 26. Rxb5 Rc2 27. Ra5 Bxf2+ 28. Qxf2 Qxf2+ 29. Kxf2 Rxd2+ 30. Kf3 g5 31. Ra8+ Kh7 32. Ra7 Kg6 33. a4 Rd4 34. a5 Rf4+ 35. Ke3 Re4+ 36. Kd3 Rxe5 37. a6 Re4 38. Ra8 Ra4 39. a7 Kf5 0-1